000 00647nam a2200241Ia 4500
003 OSt
005 20220918231636.0
006 a|||||r|||| 00| 0
007 ta
008 220917b |||||||| |||| 00| 0 eng d
024 _a326,525
037 _cTextual
040 _aARTS
_cARTS
_beng
041 _2eng
_aeng
082 _aO164,1F93,1, 111K7
100 _aRehatsek Edward Tr.
_9155421
245 0 _aGulistan-e-Saadi
260 _c1967
650 _aPERSIAN POETRY
700 _a Tasbihi M.H. Ed.
_9155422
942 _hO164,1F93,1, 111K7
_cTEXL
_2CC
999 _c291980
_d291980